Villes de l'ex-Yougoslavie - Mort subite - Statistiques

Statistiques générales
  • Ce quiz a été pris 68 fois
  • Le résultat moyen est 7 sur 12
Answers on the Grid
Answers color-coded by a green-red scale on the quiz's grid according to % correct below.
Belgrade
Zagreb
Pristina
Prizren
Niksic
Koper
Zadar
Zenica
Subotica
Niš
Bitola
Podgorica
Thessalonique
Tirana
Sofia
Craiova
Debrecen
Budapest
Bratislava
Chișinău
 
Statistiques - réponses
Réponse % Correct
Zagreb
84%
Belgrade
82%
Podgorica
78%
Pristina
73%
Zadar
67%
Niš
63%
Zenica
57%
Prizren
51%
Niksic
49%
Subotica
47%
Koper
45%
Bitola
41%
Aucun quiz correspondant
Distribution des résultats
% des personnes avec chaque résultat
Percentile par nombre de réponses
Votre historique - résultats
Vous n’avez pas pris ce quiz